[Event "Angers op 5th"]
[Site "Angers"]
[Date "2010.04.23"]
[Round "1"]
[White "Gazagnes, Jacques"]
[Black "Gremy, Paul"]
[Result "0-1"]
[WhiteElo "1541"]
[BlackElo "1667"]
[PlyCount "116"]
[EventDate "2010.04.23"]
[EventType "swiss"]
[EventRounds "6"]
[EventCountry "FRA"]
[SourceTitle "EXT 2011"]
[Source "ChessBase"]
[SourceDate "2010.11.26"]
[SourceVersion "1"]
[SourceVersionDate "2010.11.26"]
[SourceQuality "1"]

1. d4 e5 2. dxe5 Nc6 3. Bf4 Qe7 4. c3 Nxe5 5. e3 d6 6. h3 Nf6 7. Nd2 g6 8. Be2 Bg7 9. Ngf3 0-0 10. 0-0 Nxf3+ 11. Bxf3 c6 12. Re1 d5 13. Bg5 h6 14. Bxf6 Qxf6 15. e4 dxe4 16. Nxe4 Qd8 17. Qxd8 Rxd8 18. Rad1 Be6 19. a3 Bb3 20. Rxd8+ Rxd8 21. Nc5 Bd5 22. Bxd5 Rxd5 23. Nxb7 Rb5 24. Nd6 Rxb2 25. Nc8 Bxc3 26. Re8+ Kg7 27. Re4 Rb7 28. Rc4 Be5 29. g3 Rc7 30. Nxa7 Rxa7 31. Rxc6 Rxa3 32. Rc2 Bd4 33. Kg2 h5 34. h4 Bf6 35. Rc4 Ra5 36. Re4 g5 37. hxg5 Bxg5 38. Rc4 Bf6 39. Re4 Kg6 40. Kh3 Ra2 41. Kg2 Bg7 42. Rc4 f5 43. Kf3 Ra3+ 44. Kg2 Ra6 45. Kf3 Bh6 46. Kg2 Rf6 47. f4 Rb6 48. Rc3 Bg7 49. Kh3 Rb4 50. Rd3 Bf6 51. Rf3 Rb1 52. Rd3 h4 53. Rd2 hxg3 54. Kxg3 Rb3+ 55. Kg2 Rb2 56. Rxb2 Bxb2 57. Kh3 Kh5 58. Kg3 Bc1 0-1

[Event "Angers op 5th"]
[Site "Angers"]
[Date "2010.04.23"]
[Round "2"]
[White "Valette, Christian"]
[Black "Gremy, Paul"]
[Result "1-0"]
[WhiteElo "2094"]
[BlackElo "1667"]
[PlyCount "77"]
[EventDate "2010.04.23"]
[EventType "swiss"]
[EventRounds "6"]
[EventCountry "FRA"]
[SourceTitle "EXT 2011"]
[Source "ChessBase"]
[SourceDate "2010.11.26"]
[SourceVersion "1"]
[SourceVersionDate "2010.11.26"]
[SourceQuality "1"]

1. Nf3 d5 2. c4 dxc4 3. e3 b5 4. a4 bxa4 5. Bxc4 e6 6. 0-0 Nf6 7. Qxa4+ Bd7 8. Qb3 Be7 9. Nc3 0-0 10. Ne5 Bd6 11. d4 Bxe5 12. dxe5 Ne8 13. Rd1 Qe7 14. Qa3 Qxa3 15. Rxa3 Bc6 16. f4 a5 17. Bd2 Nd7 18. Bb5 Bxb5 19. Nxb5 c6 20. Nd4 c5 21. Nc6 Nb6 22. Rxa5 Rxa5 23. Nxa5 Nc7 24. Rc1 c4 25. Nxc4 Nxc4 26. Rxc4 Nd5 27. e4 Nb6 28. Rd4 h6 29. Ba5 Nc8 30. Rd7 Re8 31. b4 Ne7 32. b5 g5 33. g3 gxf4 34. gxf4 Ng6 35. b6 Nxf4 36. b7 Ng6 37. Rd8 Rxd8 38. Bxd8 Nxe5 39. b8Q 1-0

[Event "Rohde op 06th"]
[Site "Sautron"]
[Date "2006.10.30"]
[Round "4"]
[White "Gremy, Paul"]
[Black "Lafolie, Arnaud"]
[Result "1-0"]
[WhiteElo "1740"]
[BlackElo "1960"]
[PlyCount "160"]
[EventDate "2006.10.28"]
[EventType "swiss"]
[EventRounds "9"]
[EventCountry "FRA"]
[SourceTitle "EXT 2007"]
[Source "ChessBase"]
[SourceDate "2006.11.23"]
[SourceVersion "1"]
[SourceVersionDate "2006.11.23"]
[SourceQuality "1"]

1. e4 d6 2. d4 Nf6 3. Nc3 c6 4. Nf3 Bg4 5. Be2 e6 6. h3 Bh5 7. Be3 Be7 8. Nh2 Bxe2 9. Qxe2 d5 10. e5 Nfd7 11. Nf3 0-0 12. 0-0 c5 13. dxc5 Nxc5 14. Nb5 a6 15. Nbd4 Nc6 16. a3 Rc8 17. c3 Nd7 18. Nxc6 Rxc6 19. Bd4 Nc5 20. Nd2 Qc7 21. f4 Na4 22. Rab1 Bc5 23. Nb3 Bxd4+ 24. Nxd4 Qb6 25. Kh1 Rc7 26. Qf2 Nc5 27. Ne2 Nd7 28. Qxb6 Nxb6 29. Rfd1 Nc4 30. Nd4 g6 31. Kg1 h5 32. Kf2 Nb6 33. Kf3 Nd7 34. g4 hxg4+ 35. hxg4 Kg7 36. Rh1 Re8 37. Rh4 Rh8 38. Rbh1 Rxh4 39. Rxh4 g5 40. Rh5 gxf4 41. Kxf4 Nc5 42. Rg5+ Kf8 43. Ke3 Na4 44. Rh5 Kg7 45. Rh2 Rc8 46. Rg2 Rh8 47. Ke2 Rh1 48. Kd3 Nc5+ 49. Kc2 Re1 50. Nf3 Re3 51. Rf2 Kg6 52. g5 Nd7 53. Kd2 Re4 54. Rh2 Nxe5 55. Rh6+ Kg7 56. Rh3 Nxf3+ 57. Rxf3 Re5 58. Rg3 Kg6 59. Kd3 Rxg5 60. Rh3 Rh5 61. Rg3+ Rg5 62. Rh3 Kg7 63. b4 Kf8 64. Kd4 Ke7 65. Kc5 f5 66. Rh7+ Kf6 67. Rxb7 f4 68. Kd4 Re5 69. Rb8 Re4+ 70. Kd3 Ke7 71. Rb7+ Kf6 72. Rb8 Kg5 73. a4 f3 74. Rf8 Kg4 75. b5 axb5 76. axb5 Ra4 77. b6 Ra5 78. b7 Rb5 79. b8Q Rxb8 80. Rxb8 e5 1-0

[Event "Muret Seniors op"]
[Site "Muret"]
[Date "2003.06.21"]
[Round "6"]
[White "Gremy, Paul"]
[Black "Ryckaert, Alain"]
[Result "1/2-1/2"]
[WhiteElo "1590"]
[BlackElo "1690"]
[PlyCount "78"]
[EventDate "2003.06.16"]
[EventType "swiss"]
[EventRounds "7"]
[EventCountry "FRA"]
[SourceTitle "EXT 2004"]
[Source "ChessBase"]
[SourceDate "2003.11.25"]
[SourceVersion "1"]
[SourceVersionDate "2003.11.25"]
[SourceQuality "1"]

1. e4 c5 2. Nf3 d6 3. d4 cxd4 4. Nxd4 Nf6 5. Nc3 g6 6. g3 Bg7 7. Bg2 0-0 8. 0-0 Bd7 9. Nce2 Nc6 10. c3 a6 11. Nxc6 Bxc6 12. Qc2 Rb8 13. Nd4 Bd7 14. h3 Qc8 15. Kh2 Ne8 16. Be3 Nc7 17. Qd2 Ne6 18. Nxe6 fxe6 19. Bh6 Rf7 20. Bxg7 Kxg7 21. f4 Qf8 22. b3 Kg8 23. c4 Bc6 24. Rac1 b6 25. Qe3 Bd7 26. e5 Qc8 27. g4 Qc5 28. Qxc5 bxc5 29. Rcd1 Rb6 30. exd6 exd6 31. f5 gxf5 32. gxf5 Rxf5 33. Rxf5 exf5 34. Bd5+ Kg7 35. Kg3 Bc6 36. Kf4 Kf6 37. Bxc6 Rxc6 38. Rd5 Ke6 39. Rxf5 Rc7 1/2-1/2

[Event "Muret Seniors op"]
[Site "Muret"]
[Date "2003.06.18"]
[Round "3"]
[White "Gremy, Paul"]
[Black "Vaquier, Albert"]
[Result "0-1"]
[WhiteElo "1590"]
[BlackElo "1440"]
[PlyCount "102"]
[EventDate "2003.06.16"]
[EventType "swiss"]
[EventRounds "7"]
[EventCountry "FRA"]
[SourceTitle "EXT 2004"]
[Source "ChessBase"]
[SourceDate "2003.11.25"]
[SourceVersion "1"]
[SourceVersionDate "2003.11.25"]
[SourceQuality "1"]

1. e4 c5 2. Nf3 e6 3. d4 cxd4 4. Nxd4 d6 5. Bb5+ Bd7 6. Bxd7+ Nxd7 7. 0-0 Be7 8. c4 Ngf6 9. Nc3 0-0 10. Nf3 Rc8 11. b3 a6 12. Bb2 Rc7 13. Qe2 e5 14. Rad1 Qe8 15. h3 Nb6 16. Nh2 Qc8 17. Rfe1 Ne8 18. Nf1 f5 19. exf5 Qxf5 20. Ng3 Qf7 21. Nce4 Nd7 22. Rf1 Nc5 23. Nc3 Nf6 24. Nf5 Rd7 25. Nxe7+ Qxe7 26. Nd5 Nxd5 27. Rxd5 Ne6 28. Rd2 Nf4 29. Qg4 h5 30. Qg3 Rf6 31. f3 Rg6 32. Qf2 h4 33. Kh1 Qg5 34. Bc1 Qf5 35. Rg1 Nh5 36. g4 hxg3 37. Qg2 Nf4 38. Qf1 Nxh3 39. Rdg2 Qh5 40. Rxg3 Nf4+ 41. Rh3 Rxg1+ 42. Kxg1 Nxh3+ 43. Kg2 Rf7 44. c5 dxc5 45. a3 a5 46. Qd3 Nf4+ 47. Bxf4 exf4 48. Qd8+ Kh7 49. Kf2 c4 50. bxc4 Qc5+ 51. Kg2 Qxa3 0-1

[Event "Niort op-B"]
[Site "Niort"]
[Date "2002.09.28"]
[Round "2"]
[White "Gremy, Paul"]
[Black "Serre, Jean Philippe"]
[Result "1-0"]
[WhiteElo "1670"]
[BlackElo "1500"]
[PlyCount "57"]
[EventDate "2002.09.28"]
[EventType "swiss"]
[EventRounds "6"]
[EventCountry "FRA"]
[SourceTitle "EXT 2004"]
[Source "ChessBase"]
[SourceDate "2003.11.25"]
[SourceVersion "1"]
[SourceVersionDate "2003.11.25"]
[SourceQuality "1"]

1. e4 e5 2. Nf3 Nc6 3. Bb5 d6 4. 0-0 Nf6 5. Bxc6+ bxc6 6. d4 exd4 7. Nxd4 Be7 8. Nc3 Bd7 9. Nf5 Bxf5 10. exf5 0-0 11. Re1 Re8 12. Bg5 Qd7 13. Qf3 d5 14. h3 h6 15. Bh4 Nh7 16. Bxe7 Rxe7 17. Rxe7 Qxe7 18. Qd3 Nf6 19. Rd1 Nd7 20. a3 Nb6 21. b4 Nc4 22. Nxd5 cxd5 23. Qxd5 Nb6 24. Qd3 Re8 25. g4 Qf6 26. c4 Qc6 27. c5 Nc8 28. Qd7 Qxd7 29. Rxd7 1-0